[Event "Gibraltar Masters"]
[Site "Caleta ENG"]
[Date "2011.01.29"]
[Round "5.5"]
[White "Kulaots, Kaido"]
[Black "Caruana, Fabiano"]
[Result "1/2-1/2"]
[WhiteTitle "GM"]
[BlackTitle "GM"]
[WhiteElo "2577"]
[BlackElo "2721"]
[WhiteFideId "4500261"]
[BlackFideId "2020009"]
[EventDate "2011.01.25"]
[EventType "swiss"]

1. e4 e5 2. Nf3 Nc6 3. Bb5 a6 4. Ba4 Nf6 5. O-O b5 6. Bb3 Bc5 7. a4 Rb8 8. c3 d6
9. d4 Bb6 10. axb5 axb5 11. h3 O-O 12. Re1 Bb7 13. Na3 exd4 14. cxd4 Na5 15. Bc2
b4 16. Nb1 Re8 17. Nbd2 b3 18. Bb1 Qd7 19. Qe2 h6 20. Qd3 Rbd8 21. d5 Ra8 22.
Nf1 c6 23. Be3 Bxe3 24. Nxe3 Nxe4 25. Nc4 Nxc4 26. Rxa8 Bxa8 27. Rxe4 Ne5 28.
Rxe5 dxe5 29. Qh7+ Kf8 30. Nh4 Ke7 1/2-1/2

[Event "Gibraltar Masters"]
[Site "Caleta ENG"]
[Date "2011.01.29"]
[Round "5.6"]
[White "Buhmann, Rainer"]
[Black "Sasikiran, Krishnan"]
[Result "1/2-1/2"]
[WhiteTitle "GM"]
[BlackTitle "GM"]
[WhiteElo "2572"]
[BlackElo "2690"]
[WhiteFideId "4651340"]
[BlackFideId "5004985"]
[EventDate "2011.01.25"]
[EventType "swiss"]

1. Nf3 Nf6 2. c4 g6 3. Nc3 Bg7 4. e4 d6 5. d4 O-O 6. Be2 e5 7. O-O Nc6 8. d5 Ne7
9. b4 Nh5 10. c5 Nf4 11. Bxf4 exf4 12. Rc1 a5 13. cxd6 cxd6 14. b5 h6 15. Nd2 f5
16. Re1 Kh7 17. Bd3 fxe4 18. Bxe4 Bd7 19. Nf3 Rc8 20. Qd3 Rc5 21. a4 Bf5 22. Nd4
Bxe4 23. Qxe4 Bxd4 24. Qxd4 f3 25. Qe4 Rf7 26. Qe6 Kg7 27. Ne4 Rxd5 28. Rcd1
Rxd1 29. Rxd1 Nc8 30. Nxd6 Nxd6 31. Qxd6 Qg5 32. Qg3 fxg2 33. Qxg5 1/2-1/2

[Event "Gibraltar Masters"]
[Site "Caleta ENG"]
[Date "2011.01.29"]
[Round "5.9"]
[White "Roiz, Michael"]
[Black "Robson, Ray"]
[Result "1-0"]
[WhiteTitle "GM"]
[BlackTitle "GM"]
[WhiteElo "2649"]
[BlackElo "2532"]
[WhiteFideId "2804158"]
[BlackFideId "2023970"]
[EventDate "2011.01.25"]
[EventType "swiss"]

1. c4 e6 2. Nf3 d5 3. d4 Nf6 4. e3 c6 5. b3 Nbd7 6. Bb2 Bd6 7. Bd3 b6 8. O-O O-O
9. Nc3 Bb7 10. Qc2 Rc8 11. Rad1 Qe7 12. e4 dxe4 13. Nxe4 Nxe4 14. Bxe4 Nf6 15.
Bd3 h6 16. Rfe1 Rfd8 17. Bc3 Bb4 18. Qc1 Bxc3 19. Qxc3 c5 20. d5 Qc7 21. dxe6
Bxf3 22. gxf3 fxe6 23. Rxe6 Rd4 24. Rde1 Rcd8 25. Bg6 Rd1 26. Rxd1 Rxd1+ 27. Kg2
Rd8 28. Qe3 Kf8 29. h3 Rc8 30. f4 Qb7+ 31. Kh2 Rd8 32. Qe5 Qf3 33. Rxf6+ Kg8 34.
Bf7+ Kh7 35. Qf5+ Kh8 36. Rxh6+ 1-0

[Event "Gibraltar Masters"]
[Site "Caleta ENG"]
[Date "2011.01.29"]
[Round "5.10"]
[White "Korchnoi, Viktor"]
[Black "Sandipan, Chanda"]
[Result "1/2-1/2"]
[WhiteTitle "GM"]
[BlackTitle "GM"]
[WhiteElo "2544"]
[BlackElo "2641"]
[WhiteFideId "1300016"]
[BlackFideId "5004225"]
[EventDate "2011.01.25"]
[EventType "swiss"]

1. d4 d5 2. c4 c6 3. Nf3 Nf6 4. Qb3 dxc4 5. Qxc4 Bf5 6. Nc3 e6 7. g3 Nbd7 8. Bg2
Be7 9. Qb3 Qb6 10. Nd2 e5 11. dxe5 Nxe5 12. Qa4 Qb4 13. O-O O-O 14. Nb3 a5 15.
Nd4 Bd7 16. Nc2 Qb6 17. Ne3 Rfe8 18. Qc2 g6 19. b3 Rad8 20. Na4 Qa7 21. Bb2 Bf8
22. Rad1 Rc8 23. Nc4 Nxc4 24. Bxf6 Na3 25. Qc1 Bg4 26. Bb2 b5 27. Bxa3 Bxa3 28.
Qxa3 bxa4 29. Qxa4 Bxe2 30. Bxc6 Re7 31. Rd7 Rxd7 32. Bxd7 Rc2 33. Qe4 Rd2 34.
Qe8+ Kg7 35. Qe5+ Kg8 1/2-1/2

[Event "Gibraltar Masters"]
[Site "Caleta ENG"]
[Date "2011.01.29"]
[Round "5.12"]
[White "Cmilyte, Viktorija"]
[Black "Gopal G.N."]
[Result "0-1"]
[WhiteTitle "GM"]
[BlackTitle "GM"]
[WhiteElo "2526"]
[BlackElo "2597"]
[WhiteFideId "12801259"]
[BlackFideId "5015693"]
[EventDate "2011.01.25"]
[EventType "swiss"]

1. Nf3 Nf6 2. c4 g6 3. Nc3 d5 4. cxd5 Nxd5 5. h4 h5 6. e4 Nxc3 7. bxc3 Bg7 8.
Ba3 Nd7 9. Bc4 c5 10. O-O O-O 11. d4 cxd4 12. cxd4 Nb6 13. Bb3 Bg4 14. Rb1 a5
15. Bc5 Nd7 16. Bd5 Nxc5 17. dxc5 Qc7 18. Rxb7 Qxc5 19. Qc1 Qxc1 20. Rxc1 e6 21.
Bc6 Rfc8 22. Rc4 Bxf3 23. gxf3 Rab8 24. Bb5 Rxb7 25. Rxc8+ Kh7 26. a4 Bf6 27. f4
Bxh4 28. Kg2 Bf6 29. Kf3 Kg7 30. Rc1 Be7 31. Rc6 Bf6 32. Rc1 e5 33. Rc5 exf4 34.
Kxf4 Bd4 35. Rc2 f6 36. Kg3 Re7 37. Re2 g5 38. f4 Rc7 39. e5 gxf4+ 40. Kxf4
Bxe5+ 41. Kf5 Rc3 42. Rd2 Rf3+ 43. Ke4 Rf4+ 44. Ke3 h4 45. Rd7+ Kh6 46. Re7 Rg4
47. Re8 Rg3+ 48. Ke4 Rg4+ 49. Kf3 Rd4 50. Ke3 Rb4 51. Kf3 Rb3+ 52. Kg4 h3 53.
Rh8+ Kg6 54. Be8+ Kg7 55. Rh4 h2 56. Bc6 Rc3 57. Bb7 Kf7 58. Bd5+ Ke7 59. Kf5
Kd6 60. Ba8 Kc5 61. Rh8 Kb4 0-1

[Event "Gibraltar Masters"]
[Site "Caleta ENG"]
[Date "2011.01.29"]
[Round "5.13"]
[White "Felgaer, Ruben"]
[Black "Sengupta, Deep"]
[Result "0-1"]
[WhiteTitle "GM"]
[BlackTitle "GM"]
[WhiteElo "2585"]
[BlackElo "2530"]
[WhiteFideId "107069"]
[BlackFideId "5008352"]
[EventDate "2011.01.25"]
[EventType "swiss"]

1. e4 e6 2. d4 d5 3. Nc3 Bb4 4. e5 c5 5. a3 Bxc3+ 6. bxc3 Ne7 7. a4 Qc7 8. Nf3
h6 9. Ba3 cxd4 10. Qxd4 Nbc6 11. Bb5 Bd7 12. Qc5 Nf5 13. Bxc6 Qxc6 14. Qb4 Qb6
15. Qf4 Rc8 16. O-O Rxc3 17. Rfb1 Rxa3 0-1

[Event "Gibraltar Masters"]
[Site "Caleta ENG"]
[Date "2011.01.29"]
[Round "5.15"]
[White "Krush, Irina"]
[Black "Ikonnikov, Vyacheslav"]
[Result "0-1"]
[WhiteTitle "IM"]
[BlackTitle "GM"]
[WhiteElo "2483"]
[BlackElo "2580"]
[WhiteFideId "2012782"]
[BlackFideId "4100972"]
[EventDate "2011.01.25"]
[EventType "swiss"]

1. d4 Nf6 2. Nf3 e6 3. e3 b6 4. Bd3 Bb7 5. O-O c5 6. c4 d6 7. Nc3 Nbd7 8. b3 Be7
9. Bb2 cxd4 10. exd4 O-O 11. Qe2 Re8 12. Ng5 h6 13. f4 e5 14. d5 exf4 15. Nh3
Bf8 16. Qd2 g5 17. Nxf4 gxf4 18. Rxf4 Bg7 19. Raf1 Ne5 20. Nb5 Qe7 21. Nd4 Bc8
22. Nc6 Nxc6 23. Bxf6 Bxf6 24. Rxf6 Qe3+ 25. Qxe3 Rxe3 26. Bh7+ Kxh7 27. Rxf7+
Kg6 28. R1f6+ Kg5 29. dxc6 Re8 30. h4+ Kxh4 31. Rg7 Kh5 32. Rgg6 Bf5 33. Rxh6+
Kg5 34. Rxd6 Rad8 35. Kf2 Rxd6 36. Rxd6 Kf4 37. Rf6 Re7 38. Rf8 Rc7 39. Rb8 Be4
40. g3+ Ke5 41. Rb7 Rxb7 42. cxb7 Bxb7 43. Ke3 Be4 44. b4 Bf5 45. a3 Bd7 46. Kd3
Bh3 47. Ke3 Bf1 48. c5 Bb5 49. g4 Be8 50. Kf3 Kd4 51. cxb6 axb6 52. Kf4 b5 53.
Kf5 Kc4 54. Ke5 Kb3 55. Kd4 Kxa3 56. Kc5 Ka4 0-1

[Event "Gibraltar Masters"]
[Site "Caleta ENG"]
[Date "2011.01.29"]
[Round "5.16"]
[White "Vaarala, Eric"]
[Black "Mikhalevski, Victor"]
[Result "0-1"]
[BlackTitle "GM"]
[WhiteElo "2152"]
[BlackElo "2579"]
[WhiteFideId "1711962"]
[BlackFideId "2801914"]
[EventDate "2011.01.25"]
[EventType "swiss"]

1. c4 Nf6 2. Nc3 e5 3. Nf3 Nc6 4. d4 exd4 5. Nxd4 Bb4 6. g3 Ne5 7. Qb3 c5 8. Nc2
a5 9. Nxb4 axb4 10. Nb5 O-O 11. Bf4 Re8 12. Nd6 Re6 13. Bxe5 Rxe5 14. e3 Ng4 15.
Be2 Nxf2 16. Rf1 Ra6 17. Nxf7 Kxf7 18. Rxf2+ Rf6 19. Rxf6+ Qxf6 20. O-O-O Qh6
21. Rf1+ Ke7 22. Kd2 Qxh2 23. Rf4 d6 24. Rh4 Qxg3 25. Rxh7 b5 26. Rh5 Rxh5 27.
Bxh5 Qh2+ 0-1

[Event "Gibraltar Masters"]
[Site "Caleta ENG"]
[Date "2011.01.29"]
[Round "5.18"]
[White "Stokke, Kjetil"]
[Black "Bologan, Viktor"]
[Result "0-1"]
[WhiteTitle "FM"]
[BlackTitle "GM"]
[WhiteElo "2413"]
[BlackElo "2693"]
[WhiteFideId "1502964"]
[BlackFideId "13900048"]
[EventDate "2011.01.25"]
[EventType "swiss"]

1. Nf3 g6 2. c4 Bg7 3. e4 d6 4. d4 Nd7 5. Nc3 e5 6. Be2 Ngf6 7. O-O O-O 8. Be3
Re8 9. d5 Nh5 10. g3 Bf8 11. Ne1 Ng7 12. Nd3 f5 13. f3 Be7 14. Qd2 g5 15. g4
fxg4 16. fxg4 Nf8 17. Nf2 Ng6 18. Nh1 Nf4 19. Ng3 Rf8 20. Kh1 Bd7 21. Rg1 Kh8
22. Raf1 c6 23. Nf5 a6 24. dxc6 Bxc6 25. Nd5 Bf6 26. Bb6 Qd7 27. Bf3 Bxd5 28.
cxd5 Nxf5 29. gxf5 Qb5 30. Be3 Nh3 31. Be2 Qa4 32. b3 Qxe4+ 33. Bf3 Qxf5 34. Bg2
Nf4 35. Qb4 Qd7 36. Be4 Be7 37. Qd2 Nh3 38. Rxf8+ Rxf8 39. Rg3 Nf4 40. Qd1 Bf6
41. a4 Rc8 42. Bd2 Rg8 43. Rc3 Bd8 44. Qc2 Bb6 45. Bf5 Qf7 46. Rc8 Nxd5 47.
Rxg8+ Qxg8 48. Qc8 Be3 49. Qxg8+ Kxg8 50. Be6+ Kg7 51. Bxd5 Bxd2 52. Bxb7 a5 53.
Kg2 g4 54. h3 gxh3+ 55. Kxh3 Kf6 56. Kg4 Ke6 57. Bc8+ Kd5 58. Kf5 Kd4 59. Bb7 h5 0-1

[Event "Gibraltar Masters"]
[Site "Caleta ENG"]
[Date "2011.01.29"]
[Round "5.22"]
[White "Karim, Ismael"]
[Black "Iordachescu, Viorel"]
[Result "1/2-1/2"]
[WhiteTitle "IM"]
[BlackTitle "GM"]
[WhiteElo "2375"]
[BlackElo "2634"]
[WhiteFideId "625736"]
[BlackFideId "13900200"]
[EventDate "2011.01.25"]
[EventType "swiss"]

1. e4 c6 2. d4 d5 3. exd5 cxd5 4. c4 Nf6 5. Nc3 g6 6. cxd5 Nxd5 7. Bc4 Nb6 8.
Bb3 Bg7 9. Nge2 Nc6 10. d5 Na5 11. Be3 O-O 12. Bd4 Nxb3 13. axb3 Bh6 14. Be5 e6
15. d6 f6 16. Bg3 e5 17. O-O Bd7 18. f4 Bc6 19. Qd3 Qd7 20. b4 a6 21. Bf2 Qg4
22. Ng3 Nd7 23. f5 gxf5 24. Qxf5 Qg6 25. Rad1 Rf7 26. Nd5 Bf8 27. Nc7 Rc8 28.
Ne6 Bh6 29. Rfe1 Kh8 30. Be3 Bf8 31. Bf2 Bg7 32. Be3 Re8 33. Nc7 Rg8 34. Rd2 Bh6
35. Bxh6 Qxh6 36. Rf2 Rg5 37. Qe6 Qg6 38. Ref1 Nf8 39. Qc8 e4 40. Ne6 e3 41. Re2
Bd7 42. Nxf8 1/2-1/2

[Event "Gibraltar Masters"]
[Site "Caleta ENG"]
[Date "2011.01.29"]
[Round "5.23"]
[White "Berg, Emanuel"]
[Black "Jones, Richard S."]
[Result "1-0"]
[WhiteTitle "GM"]
[BlackTitle "FM"]
[WhiteElo "2627"]
[BlackElo "2361"]
[WhiteFideId "1704060"]
[BlackFideId "1800833"]
[EventDate "2011.01.25"]
[EventType "swiss"]

1. d4 Nf6 2. c4 g6 3. g3 Bg7 4. Bg2 O-O 5. Nc3 d6 6. Nf3 Nbd7 7. O-O e5 8. e4 c6
9. h3 Qb6 10. Re1 exd4 11. Nxd4 Re8 12. Re2 Qb4 13. Rc2 Nc5 14. Bd2 Qb6 15. Be3
Qc7 16. f3 a5 17. Qd2 a4 18. Rd1 Nfd7 19. Qf2 Qa5 20. g4 Nf6 21. Nde2 Bf8 22.
Ng3 Nfd7 23. f4 Nb6 24. Nce2 Be6 25. b3 axb3 26. axb3 Qa3 27. Nd4 Bc8 28. Bc1
Qa6 29. Bb2 Bg7 30. Kh2 Qa7 31. Ndf5 gxf5 32. Bxg7 Kxg7 33. Qd4+ Kg8 34. gxf5
Nxb3 35. Qc3 Qa3 36. Nh5 Kf8 37. Qg7+ Ke7 38. Qf6+ Kf8 39. c5 1-0

[Event "Gibraltar Masters"]
[Site "Caleta ENG"]
[Date "2011.01.29"]
[Round "5.24"]
[White "Erdos, Viktor"]
[Black "Peek, Marcel"]
[Result "1/2-1/2"]
[WhiteTitle "GM"]
[BlackTitle "IM"]
[WhiteElo "2593"]
[BlackElo "2342"]
[WhiteFideId "719978"]
[BlackFideId "1000462"]
[EventDate "2011.01.25"]
[EventType "swiss"]

1. d4 d5 2. c4 c6 3. Nf3 Nf6 4. Nc3 dxc4 5. a4 Bf5 6. Nh4 Bg4 7. h3 Bh5 8. g4
Bg6 9. Nxg6 hxg6 10. e3 e6 11. Bxc4 Qa5 12. Kf1 Nbd7 13. Kg2 Nd5 14. Qb3 N7b6
15. Be2 Nxc3 16. bxc3 Qd5+ 17. Qxd5 cxd5 18. a5 Nc8 19. c4 dxc4 20. Bxc4 Nd6 21.
Be2 Rc8 22. Bf3 Rc7 23. Rb1 a6 24. Rb6 Kd7 25. Ba3 Nc4 26. Bxf8 Rxf8 27. Rxb7
Rxb7 28. Bxb7 Nd6 29. Rb1 Rb8 30. Bc6+ Kc7 31. Rc1 Kd8 32. Bf3 Rc8 33. Rb1 Nc4
34. Be2 Nxa5 35. Bxa6 Ra8 36. Be2 g5 37. Kg3 Ra7 38. Rb6 Ke7 39. Bd3 Nb7 40. h4
gxh4+ 41. Kxh4 Nd6 42. Kg3 Ra3 43. Bb1 Ra5 44. Kf3 Rb5 45. Rxb5 Nxb5 46. Bd3 Nd6
47. e4 g5 48. e5 Nc8 49. Bc4 Nb6 50. Bb3 f6 51. Ke4 Nd7 52. Ba2 fxe5 53. dxe5
Nf8 54. f4 gxf4 55. Kxf4 Ng6+ 56. Ke4 Kf7 57. Bb1 Ne7 58. Bd3 Kg7 59. Kf4 Nd5+
60. Kg5 Ne7 61. Be4 Nc8 62. Kf4 Ne7 63. g5 Nc8 64. Ke3 Ne7 65. Kd4 Ng6 66. Bc2
Kf7 67. Ke4 Ne7 68. Kf3 Nc6 69. Kf4 Ne7 70. Be4 Kg7 71. Kg4 Nc8 72. Bc6 Ne7 73.
Be8 Kf8 74. Bh5 Kg7 75. Kf4 Kf8 76. Ke4 Kg7 77. Kf4 Kf8 78. Ke4 Kg7 79. Kd4 Nc6+
80. Ke4 Ne7 81. Kf3 Kf8 82. Kg3 Kg7 83. Kg4 Kf8 84. Kf4 Kg7 85. Bg4 Kf7 86. Bh5+
Kg7 87. Be8 Kf8 88. Bb5 Nd5+ 89. Kf3 Ne7 90. Bd3 Kg7 91. Be4 Nc8 92. Ke3 Ne7 93.
Kd4 Ng6 94. Bb1 Kf7 95. Be4 Kg7 1/2-1/2

[Event "Gibraltar Masters"]
[Site "Caleta ENG"]
[Date "2011.01.29"]
[Round "5.25"]
[White "Fier, Alexandr"]
[Black "Getz, Nicolai"]
[Result "1-0"]
[WhiteTitle "GM"]
[BlackTitle "FM"]
[WhiteElo "2571"]
[BlackElo "2334"]
[WhiteFideId "2107139"]
[BlackFideId "1505572"]
[EventDate "2011.01.25"]
[EventType "swiss"]

1. e4 e6 2. d4 d5 3. Nd2 dxe4 4. Nxe4 Bd7 5. Nf3 Bc6 6. Neg5 Nd7 7. Nxf7 Kxf7 8.
Ng5+ Ke8 9. Bc4 Qe7 10. O-O Kd8 11. Re1 Nb6 12. Bxe6 Nh6 13. Bh3 1-0

[Event "Gibraltar Masters"]
[Site "Caleta ENG"]
[Date "2011.01.29"]
[Round "5.26"]
[White "Dzagnidze, Nana"]
[Black "Kolbus, Dietmar"]
[Result "1-0"]
[WhiteTitle "GM"]
[BlackTitle "IM"]
[WhiteElo "2550"]
[BlackElo "2332"]
[WhiteFideId "13601903"]
[BlackFideId "4610628"]
[EventDate "2011.01.25"]
[EventType "swiss"]

1. d4 d5 2. c4 e6 3. Nf3 Nf6 4. g3 Be7 5. Bg2 O-O 6. O-O b6 7. cxd5 exd5 8. Nc3
Bb7 9. Nh4 Re8 10. Nf5 Bf8 11. Bg5 c6 12. Qc2 h6 13. Bf4 Nh5 14. Bd2 Nf6 15.
Rad1 Na6 16. Bf4 Nh5 17. Be5 f6 18. Bf4 Nxf4 19. gxf4 Qc7 20. e3 Rad8 21. Kh1
Bc8 22. Rg1 Bxf5 23. Qxf5 Qd7 24. Qh5 Qf7 25. Qh3 Qd7 26. Qh4 g5 27. Bf1 Qg7 28.
Qh5 Nc7 29. Bd3 Be7 30. Ne2 Ne6 31. Ng3 Qh8 32. Bg6 Ng7 33. Bf7+ Kf8 34. Qg6 Rd6
35. Bxe8 Nxe8 36. Nf5 1-0

[Event "Gibraltar Masters"]
[Site "Caleta ENG"]
[Date "2011.01.29"]
[Round "5.28"]
[White "Oberhofer, Andre"]
[Black "Harika, Dronavalli"]
[Result "0-1"]
[BlackTitle "IM"]
[WhiteElo "2270"]
[BlackElo "2520"]
[WhiteFideId "24654140"]
[BlackFideId "5015197"]
[EventDate "2011.01.25"]
[EventType "swiss"]

1. e4 e5 2. Nc3 Nc6 3. Bc4 Bc5 4. Qg4 g6 5. Qf3 Qf6 6. Nd5 Qxf3 7. Nxf3 Bd6 8.
O-O f6 9. a3 b6 10. d3 Bb7 11. Ne1 g5 12. g3 Nce7 13. Nc3 a6 14. f4 gxf4 15.
gxf4 O-O-O 16. Kf2 exf4 17. Ke2 Ng6 18. Nd5 N8e7 19. Bxf4 Nxf4+ 20. Nxf4 f5 21.
exf5 Rhf8 22. d4 Nxf5 23. d5 Rde8+ 0-1

[Event "Gibraltar Masters"]
[Site "Caleta ENG"]
[Date "2011.01.29"]
[Round "5.29"]
[White "Cabrera, Alexis"]
[Black "Weber, Tom"]
[Result "1-0"]
[WhiteTitle "GM"]
[BlackTitle "FM"]
[WhiteElo "2518"]
[BlackElo "2310"]
[WhiteFideId "3502783"]
[BlackFideId "4000609"]
[EventDate "2011.01.25"]
[EventType "swiss"]

1. d4 Nf6 2. c4 e5 3. dxe5 Ne4 4. a3 d6 5. Qc2 Nc5 6. Nf3 dxe5 7. Nc3 Nc6 8. Be3
Be6 9. Rd1 Qc8 10. b4 Nd7 11. Ng5 Bxc4 12. Na4 h6 13. Qxc4 hxg5 14. Bxg5 Nb6 15.
Nxb6 axb6 16. Bc1 Bd6 17. e3 Ne7 18. Be2 Qf5 19. Bf3 Ra7 20. h4 Kf8 21. Ke2 Rh6
22. g4 Qe6 23. Qc2 b5 24. g5 Rh8 25. Bb2 g6 26. h5 gxh5 27. Rxh5 Rxh5 28. Bxh5
Qc4+ 29. Qd3 Nc6 30. Bf3 Nxb4 31. axb4 Ra2 32. Rd2 Bxb4 33. Rc2 Bc3 34. Rxc3
Rxb2+ 35. Kf1 Qxd3+ 36. Rxd3 b4 37. Bxb7 c5 38. Rd7 c4 39. Bd5 c3 40. Rxf7+ Ke8
41. Rc7 Kd8 42. Rc6 Rd2 43. g6 Rxd5 44. g7 Kd7 45. Rc4 1-0

[Event "Gibraltar Masters"]
[Site "Caleta ENG"]
[Date "2011.01.29"]
[Round "5.30"]
[White "Urbina Perez, Juan Antonio"]
[Black "Gallagher, Joseph G."]
[Result "0-1"]
[WhiteTitle "CM"]
[BlackTitle "GM"]
[WhiteElo "2189"]
[BlackElo "2501"]
[WhiteFideId "2217368"]
[BlackFideId "1303422"]
[EventDate "2011.01.25"]
[EventType "swiss"]

1. e4 c5 2. Nf3 d6 3. d4 cxd4 4. Nxd4 Nf6 5. Nc3 a6 6. Be3 e5 7. Nb3 Be6 8. Qd2
Nbd7 9. f4 b5 10. f5 Bc4 11. O-O-O Rc8 12. h3 b4 13. Bxc4 Rxc4 14. Qd3 Qc7 15.
Nd5 Nxd5 16. exd5 e4 17. Qe2 Be7 18. Na5 Rc3 19. Nc6 Rxc6 20. dxc6 Qxc6 21. Bd4
O-O 22. g4 d5 23. h4 Bd6 24. Qd2 Rc8 25. Kb1 Ne5 26. f6 Nf3 27. Qe3 Nxd4 28.
Qxd4 Qxc2+ 29. Ka1 gxf6 30. Qxf6 Bf8 31. Qd4 Bg7 32. Qxb4 e3 33. a3 a5 34. Qb6
e2 35. Rxd5 h6 36. Qb7 Rc7 37. Qb8+ Kh7 38. Rxa5 Qd2 39. Rb5 Rc1+ 40. Ka2 Rxh1 0-1

[Event "Gibraltar Masters"]
[Site "Caleta ENG"]
[Date "2011.01.29"]
[Round "5.31"]
[White "El Debs, Felipe de Cresce"]
[Black "Valgmae, Toomas"]
[Result "1-0"]
[WhiteTitle "GM"]
[WhiteElo "2499"]
[BlackElo "2190"]
[WhiteFideId "2106981"]
[BlackFideId "4502523"]
[EventDate "2011.01.25"]
[EventType "swiss"]

1. Nf3 Nf6 2. c4 g6 3. Nc3 Bg7 4. e4 d6 5. d4 O-O 6. Be2 e5 7. Be3 exd4 8. Nxd4
Re8 9. f3 c6 10. Bf2 d5 11. exd5 cxd5 12. O-O Nc6 13. c5 Nh5 14. Qd2 Be5 15. g3
Ng7 16. Rfd1 Be6 17. Nxe6 Nxe6 18. f4 Bd4 19. Bf3 Bxc5 20. Bxc5 Nxc5 21. Nxd5
Ne4 22. Bxe4 Rxe4 23. Qc3 Re6 24. Rd2 f6 25. b4 a6 26. Rad1 Rc8 27. Kg2 Qf8 28.
f5 Re5 29. Nb6 Rce8 30. Nd7 Qe7 31. Nxe5 Nxe5 32. fxg6 hxg6 33. Qc5 Qxc5 34.
bxc5 Re7 35. Rd6 Kf7 36. Rf1 Ng4 37. Kg1 f5 38. c6 bxc6 39. Rxc6 Re2 40. Rb1 Kg7
41. h3 Ne3 42. Kh1 Rxa2 43. Re6 Ra3 44. h4 Ng4 45. Rbb6 Rxg3 46. Rxg6+ Kh7 47.
Rgc6 Ne5 48. Rc7+ Rg7 49. Rxg7+ Kxg7 50. Kg2 f4 51. Rxa6 Kf7 52. Kh3 Ke7 53. h5
Kf7 54. Kh4 f3 55. Kg5 Kg8 56. Rf6 Kh7 57. Rf5 1-0

[Event "Gibraltar Masters"]
[Site "Caleta ENG"]
[Date "2011.01.29"]
[Round "5.32"]
[White "Tscharotschkin, Michael"]
[Black "Al-Sayed, Mohammed"]
[Result "1/2-1/2"]
[BlackTitle "GM"]
[WhiteElo "2181"]
[BlackElo "2490"]
[WhiteFideId "4619510"]
[BlackFideId "12100196"]
[EventDate "2011.01.25"]
[EventType "swiss"]

1. d4 Nf6 2. Nf3 c5 3. e3 g6 4. Bc4 Bg7 5. O-O O-O 6. c3 b6 7. Nbd2 Bb7 8. Qe2
Nc6 9. Rd1 Qc7 10. e4 Nh5 11. Nb3 cxd4 12. Nbxd4 Nf4 13. Bxf4 Qxf4 14. Nxc6 Bxc6
15. Nd4 Bb7 16. g3 Qe5 17. f4 Qc5 18. Ba6 Bxa6 19. Qxa6 e5 20. fxe5 Qxe5 21. Qb7
Rfe8 22. Re1 Qa5 23. Nf3 Qb5 24. Rab1 Qc6 25. Qxc6 dxc6 26. Rbd1 Re7 27. Re2
Rae8 28. Rde1 c5 29. Kf2 Bh6 30. Nh4 Rd8 31. Ng2 g5 32. g4 Bg7 33. Kf3 Rde8 34.
Rd1 Re6 35. Rd5 Be5 36. h4 Rf6+ 37. Ke3 h6 38. h5 c4 39. Rf2 Rfe6 40. Kf3 Bd6
41. Re2 Bc5 42. Ne1 Rf6+ 43. Rf5 Rd6 44. Rd5 Ree6 45. Rxd6 Bxd6 46. Rf2 Bc5 47.
Rf1 Kg7 48. Nc2 Rd6 49. Ke2 a5 50. Rf5 a4 51. a3 Rd8 52. Rf1 Rd3 53. Rf3 Rd6 54.
Rf5 Rd7 55. Rf1 Re7 56. Kf3 Re6 57. Nd4 Bxd4 58. cxd4 b5 59. e5 b4 60. axb4 Rb6
61. Ke4 Rxb4 62. Rf2 Rb3 63. d5 Rb4 64. Kd4 c3+ 65. Kxc3 Re4 66. d6 Kf8 67. d7
Ke7 68. Rxf7+ Kd8 69. Rf5 Kxd7 70. Rf6 Rxe5 71. Rxh6 Re4 72. Rg6 Rxg4 73. h6 Rh4
74. Kd3 Ke7 75. Rxg5 Rxh6 76. Ra5 Rh4 1/2-1/2

[Event "Gibraltar Masters"]
[Site "Caleta ENG"]
[Date "2011.01.29"]
[Round "5.33"]
[White "Soffer, Ram"]
[Black "Dougherty, Michael"]
[Result "1-0"]
[WhiteTitle "GM"]
[BlackTitle "FM"]
[WhiteElo "2489"]
[BlackElo "2183"]
[WhiteFideId "2800101"]
[BlackFideId "2601559"]
[EventDate "2011.01.25"]
[EventType "swiss"]

1. c4 e6 2. Nf3 Nf6 3. d4 d5 4. g3 dxc4 5. Bg2 Bb4+ 6. Nc3 O-O 7. O-O Nc6 8. Bg5
h6 9. Bxf6 Qxf6 10. e3 Bxc3 11. bxc3 Rb8 12. Nd2 Na5 13. f4 Bd7 14. g4 Qe7 15.
g5 hxg5 16. Qh5 g6 17. Qh6 g4 18. h3 gxh3 19. Rf3 Qf6 20. Rxh3 Qg7 21. Qg5 e5
22. Rh2 f6 23. Bd5+ Rf7 24. Qh4 exd4 25. exd4 b5 26. Ne4 Rb6 27. Nc5 Bf5 28. Re1
Kf8 29. Qh8+ 1-0

[Event "Gibraltar Masters"]
[Site "Caleta ENG"]
[Date "2011.01.29"]
[Round "5.34"]
[White "Das, Arghyadip"]
[Black "Arnott, Jonathan W"]
[Result "1-0"]
[WhiteTitle "IM"]
[WhiteElo "2479"]
[BlackElo "2176"]
[WhiteFideId "5003610"]
[BlackFideId "408077"]
[EventDate "2011.01.25"]
[EventType "swiss"]

1. e4 e6 2. d4 d5 3. Nc3 Nf6 4. e5 Nfd7 5. Nce2 c5 6. c3 Nc6 7. f4 Qb6 8. Nf3 f6
9. g3 cxd4 10. Nexd4 Nxd4 11. Nxd4 fxe5 12. fxe5 Bc5 13. Qg4 O-O 14. Qxe6+ Qxe6
15. Nxe6 Re8 16. Nc7 Rxe5+ 17. Kd1 Nf6 18. Bf4 Bg4+ 19. Kc2 Bf5+ 20. Kb3 Rae8
21. Nxe8 Rxe8 22. a4 Be4 23. Bb5 Re6 24. Rhe1 Ng4 25. Re2 Nf2 26. Rf1 a6 27. Bd7
Re7 28. Bc8 Nd3 29. Bg5 Re5 30. Bf4 Re7 31. Bh3 d4 32. Rxe4 Rxe4 33. Bf5 Bb6 34.
Bxe4 Nc5+ 35. Kc4 Nxe4 36. cxd4 g5 37. Be3 1-0

[Event "Gibraltar Masters"]
[Site "Caleta ENG"]
[Date "2011.01.29"]
[Round "5.35"]
[White "Szuper, Paul"]
[Black "Pogonina, Natalija"]
[Result "1-0"]
[BlackTitle "WGM"]
[WhiteElo "2174"]
[BlackElo "2472"]
[WhiteFideId "2026791"]
[BlackFideId "4147855"]
[EventDate "2011.01.25"]
[EventType "swiss"]

1. d4 Nf6 2. c4 c5 3. Nf3 cxd4 4. Nxd4 Nc6 5. Nc3 g6 6. g3 d6 7. Bg2 Bd7 8. O-O
Bg7 9. Nb3 b6 10. Nd5 O-O 11. Bg5 Nxd5 12. cxd5 Na5 13. Nd4 h6 14. Be3 Nc4 15.
Bc1 Rc8 16. b3 Na5 17. Be3 e5 18. dxe6 fxe6 19. Qd3 g5 20. Rac1 d5 21. Rxc8 Bxc8
22. Rc1 Kh8 23. Bh3 Qe7 24. Rxc8 Rxc8 25. Nxe6 Be5 26. Qxd5 Qf6 27. Nxg5 Rf8 28.
Ne4 Qe7 29. Bxh6 Rd8 30. Qe6 Qxe6 31. Bxe6 Nc6 32. Kg2 Nd4 33. Bc4 b5 34. Bd3 b4
35. Ng5 Rd7 36. e3 Nc6 37. Bb5 Rc7 38. Bf8 Bc3 39. Bd6 Rc8 40. h4 Kg7 41. Ne4 a5
42. g4 Ba1 43. f4 Nd8 44. Bc4 Nb7 45. Kf3 Re8 46. Bc7 a4 47. f5 Rc8 48. Ng5 Nc5
49. Bd6 Nxb3 50. Ne6+ Kf6 51. Bxb3 axb3 52. axb3 Bc3 53. e4 Ra8 54. g5+ Kf7 55.
e5 Kg8 56. g6 Bxe5 57. Bxe5 Ra6 58. h5 Ra1 59. Ng5 Rh1 60. f6 1-0